000
00340nam a22001457a 4500
008
230327b ||||| |||| 00| 0 eng d
020
_a
9781450469654
041
_a
eng
080
_2
FIFTH EDITION
_a
338
082
_a
338PED
100
_a
23
101
_a
MENA
245
_a
CONTEMPORARY SPORT MANAGEMENT
_c
PEDERSEN.M.P
942
_2
udc
_c
BK
999
_c
59463
_d
59463